000 00804nam a2200241 a 4500
001 48872
003 BD-RjUL
005 20211209054611.0
008 160801s1980 bg a 000 0 ben u
020 _c : TK 7.00
035 _a(BD-RjUL)48991
040 _aJNA
_dEQO
_dBD-RjUL
_bben
_cBD-RjUL
041 _aben
082 _223
_a640
_bHUG 1970
100 1 _aহক, তৈয়বা
_9129569
245 1 0 _aঘরে-সংসারে /
_cতৈয়বা হক
260 _aঢাকা :
_bবাংলা একাডেমী,
_c১৯৭০
300 _a[৮], ২০৮ পৃ. :
_bচিত্র ;
_c২১ সেমি.
490 _aবাএ
_v৩২৩
650 _aগার্হস্থ অর্থনীতি
_9144723
650 _aHome economics
_9144724
942 _2ddc
_cBK
999 _c48872
_d48872